| 000 -LEADER |
| fixed length control field |
01295nam a2200253Ia 4500 |
| 001 - CONTROL NUMBER |
| control field |
10536 |
| 003 - CONTROL NUMBER IDENTIFIER |
| control field |
GE_BSU |
| 008 - FIXED-LENGTH DATA ELEMENTS--GENERAL INFORMATION |
| fixed length control field |
181216s||||||||xx |||||||||||||| ||und|| |
| 020 ## - INTERNATIONAL STANDARD BOOK NUMBER |
| International Standard Book Number |
9789941147517 |
| 040 ## - CATALOGING SOURCE |
| Transcribing agency |
GE_BSU |
| 080 ## - UNIVERSAL DECIMAL CLASSIFICATION NUMBER |
| Universal Decimal Classification number |
693.55/56(075.32) |
| 100 ## - MAIN ENTRY--PERSONAL NAME |
| Personal name |
ჟორდანია,თ. მსხილაძე,ნ. |
| 245 ## - TITLE STATEMENT |
| Title |
რკინაბეტონის სამუშაოთა წარმოება(მეყალიბე,მეარმატურე,მებეტონე). |
| 245 ## - TITLE STATEMENT |
| Remainder of title |
სახელძღვანელო.შემუშავებულია ამერიკის სათემო კოლეჯები საერთაშორისო განვითარებისათვის ბაზაზე. |
| 245 ## - TITLE STATEMENT |
| Statement of responsibility, etc. |
რედ:თ,ჟორდანია. |
| 260 ## - PUBLICATION, DISTRIBUTION, ETC. |
| Place of publication, distribution, etc. |
თბ. |
| 260 ## - PUBLICATION, DISTRIBUTION, ETC. |
| Name of publisher, distributor, etc. |
ტექნიკური უნივერსიტეტი. |
| 260 ## - PUBLICATION, DISTRIBUTION, ETC. |
| Date of publication, distribution, etc. |
2009 |
| 300 ## - PHYSICAL DESCRIPTION |
| Extent |
278გვ.;ილ.;29სმ. ბიბლიოგრ.:გვ.277. |
| 300 ## - PHYSICAL DESCRIPTION |
| Accompanying material |
ნახ. |
| 653 ## - INDEX TERM--UNCONTROLLED |
| Uncontrolled term |
რკინაბეტონის სამუშაოთა წარმოება(მეყალიბე,მეარმატურე,მებეტონე). |
| 942 ## - ADDED ENTRY ELEMENTS (KOHA) |
| Koha item type |
წიგნი |